| 000 | 01469nam a2200373Ia 4500 | ||
|---|---|---|---|
| 001 | dia_3798 | ||
| 003 | CHAP | ||
| 005 | 20250730131648.0 | ||
| 007 | ta | ||
| 008 | 220117s2007 mx deo fr 001 0 spa d | ||
| 040 |
_cCHAP _amxchpua |
||
| 090 |
_aT.C.438 _bV53 EIUPA _c2007 |
||
| 245 | 1 | 0 |
_aViña de Liceaga / _ccolaboradores Andrés Flores Catarino...[et al.] |
| 260 |
_aMéxico : _bEl autor, _c2007 |
||
| 300 |
_a51 hojas : _bgráficas, diagramas, tablas, fotos, planos |
||
| 336 |
_2rdacontent _atexto _btxt |
||
| 337 |
_2rdamedia _asin medio _bn |
||
| 338 |
_2rdacarrier _avolumen _bnc |
||
| 500 | _a7° año Grupo 4 | ||
| 502 |
_aViaje de Estudios _b(EIUPA) -- _cUACh. Departamento de Ingeniería Agroindustrial, _c2007 |
||
| 504 | _aBibliografía: hoja 50 | ||
| 505 | _a4 planos -- 1. Plano de distribución de áreas (Esc. 1:150) -- 2. Plano de distribución de equipo (Esc. 1:150) -- 3. Diagrama de flujo de proceso vinícola -- 4. Plano de instalación eléctrica (Esc. 1:200) | ||
| 650 | 1 | 0 |
_aIndustria del vino _zMéxico _zBaja California Norte _9154153 |
| 650 | 1 | 3 |
_aVinificación _9151244 |
| 650 | 1 | 0 |
_aWine industry _zMexico _zBaja California Norte _9154154 |
| 650 | 1 | 3 |
_aWinemaking _9151246 |
| 700 | 1 |
_aFlores Catarino, Andrés _941467 _ecolaborador |
|
| 901 | _aT.C.438 V53 EIUPA 2007 | ||
| 902 | _aM | ||
| 905 | _a5232272007 MX EDMN8223123322SPA16 | ||
| 942 | _2local | ||
| 942 | _cVE | ||
| 999 |
_c174390 _d174390 |
||